000 00964nam a2200265Ia 4500
003 OSt
005 20221005113017.0
006 a|||||r|||| 00| 0
007 ta
008 221004b |||||||| |||| 00| 0 pan d
020 _a9788171166947 (hbk)
_cINR 375.00
024 _a39298
037 _b235, 17/03/2018, National Book Shop
_cTextual
040 _aCRL
_cCRL
_bpan
041 _2pan
_apan
082 _aO153,3NDH1x, Q7
100 _aਦਾਤਾ, ਪਿਆਰਾ ਸਿੰਘ, ਂਚ.
245 0 _aਜੱਟ Fੇ॥ ਨਹੀ੍ਵ ਹੁੰਦੇ
260 _aਦਿੱਲੀ
_bਨੈFਨਲ ੁਬੁੁਕ Fਾਪ ਭਾਰਤ
_c2017
300 _a190ਪ0
_ccm.
650 _a ਪੰਜਾਬੀ ਕਹਾਣੀ
650 _aਪੰਜਾਬੀ ਸਾਹਿਤ
942 _hO153,3NDH1x, Q7
_cTEXL
_2cc
999 _c1026740
_d1026740